书目信息 |
| 题名: |
赚钱创意点子
|
|
| 作者: | 李盾 著 | |
| 分册: | 下册 | |
| 出版信息: | 北京 大众文艺出版社 2009.03 |
|
| 页数: | 181-351页 | |
| 开本: | 20cm | |
| 丛书名: | ||
| 单 册: | ||
| 中图分类: | F715 | |
| 科图分类: | ||
| 主题词: | 商业经济--国内 | |
| 电子资源: | ||
| ISBN: | 978-7-80171-290-5 | |
| 000 | 00602nam0 2200217 45 | |
| 001 | 0961210628 | |
| 005 | 20120324111655.67 | |
| 010 | @a978-7-80171-290-5@dCNY28.00 | |
| 100 | @a20090515d2009 ekmy0 y0120 ea | |
| 102 | @aCN@b130000 | |
| 102 | @aCN@b110000 | |
| 105 | @ay z 000yy | |
| 200 | 1 | @a赚钱创意点子@Azhuan qian chuang yi dian zi@h下册@f李盾著@Fli dun zhu |
| 210 | @a北京@c大众文艺出版社@d2009.03 | |
| 215 | @a181-351页@d20cm | |
| 606 | 0 | @a商业经济@x国内 |
| 690 | @aF715@v4 | |
| 701 | 0 | @a李盾@Ali dun@4著 |
| 801 | 0 | @aCN@c20091020 |
| 905 | @a10447@dF715@eL1459:2 | |
| 906 | @d56@n3@r1 | |
| 赚钱创意点子.下册/李盾著.-北京:大众文艺出版社,2009.03 |
| 181-351页;20cm |
| ISBN 978-7-80171-290-5:CNY28.00 |
| ● |
| 相关链接 |
|
|
|
正题名:赚钱创意点子
索取号:F715/L1459:2
 
预约/预借
| 序号 | 登录号 | 条形码 | 馆藏地/架位号 | 状态 | 备注 |
| 1 | 657316 | 206573162 | 社科库409/409社科库 45排2列1层/ [索取号:F715/L1459:2] | 在馆 | |
| 2 | 657317 | 206573171 | 社科库409/409社科库 45排2列1层/ [索取号:F715/L1459:2] | 在馆 | |
| 3 | 657318 | 206573180 | 社科库409/400B社科库 2排1列4层/ [索取号:F715/L1459:2] | 在馆 |